Cambie su empresa con PNL : una herramienta poderosa para transformar su organización y conseguir los resultados que desea, en cualquier contexto /

Guardado en:
Autor Principal: Agness, Lindsey.
Formato: Libro
Idioma:Spanish
Publicado: Buenos Aires : Granica, c2012.
Series:Management comunicación.
Materias:
Etiquetas: Agregar Etiqueta
Sin Etiquetas, Sea el primero en etiquetar este registro!
LEADER 00880nam a22002295a 4500
001 EAD.ead004445
008 200727s2012####ag#a#####b####001#0#spa#d
005 20200730175733.0
245 1 0 |a Cambie su empresa con PNL :  |b una herramienta poderosa para transformar su organización y conseguir los resultados que desea, en cualquier contexto /  |c Lindsey Agness. 
260 |a Buenos Aires :  |b Granica,  |c c2012. 
300 |a 340 p. :  |b il. ;  |c 22 cm. 
490 1 |a Management comunicación 
504 |a Incluye referencias bibliográficas e índice. 
020 |a 9789506416874 
100 1 |a Agness, Lindsey. 
830 0 |a Management comunicación. 
082 0 4 |a 658.4063  |2 21 
650 7 |a Cambio organizacional.  |2 unbist 
653 |a Programación neurolingüística 
650 7 |a Liderazgo.  |2 unbist 
650 4 |a Clientes. 
859 |a AR-BaBDC  |b BIB. ADMINISTRACION - Libros  |h 658.4063  |i Ag62  |p b07072